00683nam a22002177a 450000500170000001000140001702000100003103500130004103700130005408200130006710000210008024500650010126000470016627000220021330000220023565000290025770000250028694200270031199900170033895201100035520100809154811.0 aENG-99121 c50.00 aEN-82653 bDBAD/PUB a005.7136 aGopu Ramu911374 aInternet outlook express /cby Gopu Raju [and] A. Ravi Kiran aVijaywadabSri Balaji Publicationsc(200?) bVijaywadae520002 a160p.c22cm (pbk) aMicrosoft Outlook911375 aKiran, A. Ravi99554 2ddccENh005.7136mGOP c40436d40436 001040718NFICaDBADbDBADd2010-08-09eDBAD/PUBg50.00l0pEN-82653r2010-08-09 00:00:00t1v50.00yEN